The analysis and design of linear circuits: laplace early /

Bibliographic Details
Main Author: Thomas, Roland E., 1930-
Other Authors: Rosa, Albert J., 1942-
Format: Book
Language:English
Published: Hoboken, NJ : Wiley, c2004.
Edition:Fourth edition.
Subjects:
Classic Catalogue: View this record in Classic Catalogue
LEADER 02198nam a2200325 a 4500
001 0020415
003 BD-DhAAL
008 100609s2004 njua 001 0 eng d
010 |a \\2004268992 
020 |a 0471432997 
020 |a 9780471432999 
040 |a DLC  |c DLC  |d DLC  |d BD-DhAAL 
082 0 0 |a 621.3192  |2 22 
100 1 |a Thomas, Roland E.,  |d 1930-  |9 58964 
245 1 4 |a The analysis and design of linear circuits: laplace early /  |c Roland E. Thomas, Albert J. Rosa. 
250 |a Fourth edition. 
260 |a Hoboken, NJ :  |b Wiley,  |c c2004. 
300 |a xviii, 788, [38] p. :  |b ill. ;  |c 27 cm 
500 |a Includes index. 
526 |a EEE  |x Md Sayeed Salam Department of Electrical and Electronic Engineering BRAC University Course Name : Electrical Circuits I (EEE 201) 
541 1 |e 0020415, 0020416, 0020417  |a Trim Education 
650 0 |a Electric circuit analysis. 
650 0 |a Electric circuits, Linear  |x Design and construction.  |9 58965 
700 1 |a Rosa, Albert J.,  |d 1942-  |9 58966 
852 4 |a Ayesha Abed Library  |c General Stacks 
942 |2 ddc  |c BK 
999 |c 8883  |d 8883 
952 |0 0  |1 0  |2 ddc  |4 0  |6 621_319200000000000_THO_2004  |7 0  |9 10842  |a BRACUL  |b BRACUL  |c GEN  |d 2010-06-10  |e Trim Education  |g 6550.00  |l 2  |m 21  |o 621.3192 THO  |p 3010020415  |r 2014-08-18  |s 2014-06-11  |t 1  |v 13100.00  |w 2010-06-10  |y BK  |x Requisitioned by Md Sayeed Salam (Department of Electrical and Electronic Engineering, BRAC University) for the course named- "Electrical Circuits I (EEE 201)" 
952 |0 0  |1 0  |2 ddc  |4 0  |6 621_319200000000000_THO_2004  |7 0  |9 10843  |a BRACUL  |b BRACUL  |c GEN  |d 2010-06-10  |e Trim Education  |g 6550.00  |l 6  |m 35  |o 621.3192 THO  |p 3010020416  |r 2017-04-19  |s 2016-12-21  |t 2  |v 13100.00  |w 2010-06-10  |y BK  |x Requisitioned by Md Sayeed Salam (Department of Electrical and Electronic Engineering, BRAC University) for the course named- "Electrical Circuits I (EEE 201)" 
952 |0 0  |1 0  |2 ddc  |4 0  |6 621_319200000000000_THO_2004  |7 0  |9 10844  |a BRACUL  |b BRACUL  |c GEN  |d 2010-06-10  |e Trim Education  |g 6550.00  |l 5  |m 39  |o 621.3192 THO  |p 3010020417  |r 2014-08-20  |s 2014-08-06  |t 3  |v 13100.00  |w 2010-06-10  |y BK  |x Requisitioned by Md Sayeed Salam (Department of Electrical and Electronic Engineering, BRAC University) for the course named- "Electrical Circuits I (EEE 201)"